000 00278nam a22001337a 4500
008 170818b xxu||||| |||| 00| 0 eng d
020 _a9780078651137
041 _aeng
080 _a51
100 _a37
101 _aMAT
245 _aALGEBRA 1
_cHOLLIDAY,B
942 _2udc
_cBK
999 _c24131
_d24131